Polarography 1964 ; proceedings of the third international congress, Southampton /

Guardado en:
Autores Corporativos: International Congress of Polarography, University of Southampton,, Polarographic Society (Great Britain)
Otros Autores: Hills, Graham, 1926-2014, (ed.)
Formato: Libro
Idioma:English
French
German
Publicado: London : Macmillan, [1966]
Materias:
Etiquetas: Agregar Etiqueta
Sin Etiquetas, Sea el primero en etiquetar este registro!
LEADER 00967cam a22002171a 4500
001 EEA.libagro009977
008 720509s1966####enka#####b####100#0#eng##
005 20200226115011.0
245 1 0 |a Polarography 1964 ;  |b proceedings of the third international congress, Southampton /  |c Edited by Graham J. Hills on behalf of the Polarographic Society. 
260 |a London :  |b Macmillan,  |c [1966] 
300 |a 2 v. (xxviii, 1164 p.) :  |b il. ;  |c 24 cm. 
500 |a Inglés, francés o alemán. 
504 |a Incluye referencias bibliográficas. 
111 2 |a International Congress of Polarography,  |n 3d,  |c University of Southampton,  |d 1964. 
700 1 |a Hills, Graham,  |d 1926-2014,  |e ed. 
710 2 |a Polarographic Society (Great Britain) 
082 0 4 |a 530.0872 
650 0 |a Polarography  |v Congresses. 
041 0 |a eng  |a fre  |a ger 
859 |a AR-BbBCA  |b BIB. AGRONOMIA  |h 530.0872  |i H655  |p 1968/0010  |v Vol. 1  |3 Vol. 1 
859 |a AR-BbBCA  |b BIB. AGRONOMIA  |h 530.0872  |i H655  |p 1968/0011  |v Vol. 2  |3 Vol. 2